[Event "Staufer op 34th"]
[Site "Schwaebisch Gmuend"]
[Date "2024.01.04"]
[Round "6"]
[White "Kolb, Tobias"]
[Black "Mueller, Elias"]
[Result "1-0"]
[WhiteElo "2325"]
[BlackElo "2063"]
[PlyCount "43"]
[EventDate "2024.01.02"]
[EventType "swiss"]
[EventRounds "9"]
[EventCountry "GER"]
[SourceTitle "CBM 218 Extra"]
[Source "ChessBase"]
[SourceDate "2024.03.31"]
[SourceVersion "1"]
[SourceVersionDate "2024.03.31"]
[SourceQuality "1"]

1. d4 Nf6 2. c4 b6 3. Nc3 Bb7 4. Qc2 d5 5. cxd5 Nxd5 6. e4 Nxc3 7. bxc3 e5 8. Bc4 Qe7 9. Nf3 exd4 10. 0-0 d3 11. Bxd3 Nd7 12. a4 Nc5 13. Bb5+ c6 14. Bc4 h6 15. Bf4 g5 16. Bg3 Bg7 17. Nd4 0-0 18. e5 Ne6 19. Nxe6 fxe6 20. Qg6 Rae8 21. Bd3 Qf7 22. Qh7# 1-0

[Event "Staufer op 34th"]
[Site "Schwaebisch Gmuend"]
[Date "2024.01.04"]
[Round "5"]
[White "Mueller, Elias"]
[Black "Unzicker, Ferdinand"]
[Result "1-0"]
[WhiteElo "2063"]
[BlackElo "2292"]
[PlyCount "87"]
[EventDate "2024.01.02"]
[EventType "swiss"]
[EventRounds "9"]
[EventCountry "GER"]
[SourceTitle "CBM 218 Extra"]
[Source "ChessBase"]
[SourceDate "2024.03.31"]
[SourceVersion "1"]
[SourceVersionDate "2024.03.31"]
[SourceQuality "1"]

1. e4 d6 2. d4 Nf6 3. Nc3 Nbd7 4. f4 e5 5. Nf3 exd4 6. Qxd4 c6 7. Be3 d5 8. exd5 Bc5 9. Qd3 Qe7 10. Nd4 Ng4 11. Nf5 Nde5 12. fxe5 Bxf5 13. Bxc5 Bxd3 14. Bxe7 Bxf1 15. Kxf1 Kxe7 16. Re1 cxd5 17. Nxd5+ Kd7 18. h3 Nh6 19. g4 Rhc8 20. Rh2 Rc5 21. Rd2 Ke6 22. Nf4+ Ke7 23. e6 Rc4 24. exf7+ Kxf7 25. Rd7+ Kg8 26. Nh5 Rf8+ 27. Kg1 Nf7 28. c3 Rc6 29. Ree7 g6 30. Ng3 Rf6 31. Ne4 Rf4 32. Rxb7 h6 33. Rbd7 a5 34. c4 a4 35. c5 Ng5 36. Nxg5 Rf1+ 37. Kg2 R8f2+ 38. Kg3 hxg5 39. Re8+ Rf8 40. Rxf8+ Kxf8 41. c6 Ke8 42. Rd3 Ke7 43. c7 Rf8 44. Rd8 1-0

[Event "Staufer op 34th"]
[Site "Schwaebisch Gmuend"]
[Date "2024.01.02"]
[Round "2"]
[White "Nemitz, Alfred"]
[Black "Mueller, Elias"]
[Result "0-1"]
[WhiteElo "2223"]
[BlackElo "2063"]
[PlyCount "84"]
[EventDate "2024.01.02"]
[EventType "swiss"]
[EventRounds "9"]
[EventCountry "GER"]
[SourceTitle "CBM 218 Extra"]
[Source "ChessBase"]
[SourceDate "2024.03.31"]
[SourceVersion "1"]
[SourceVersionDate "2024.03.31"]
[SourceQuality "1"]

1. d4 Nf6 2. Nf3 e6 3. Bg5 d5 4. e3 h6 5. Bh4 g5 6. Bg3 Ne4 7. Bd3 Bg7 8. Be5 f6 9. Bg3 h5 10. h4 Nxg3 11. fxg3 g4 12. Bg6+ Kd7 13. e4 gxf3 14. exd5 fxg2 15. dxe6+ Ke7 16. Rg1 Bxe6 17. Nc3 Bg4 18. Qd3 Nc6 19. Ne2 Bh6 20. Kf2 Kf8 21. c3 f5 22. Bxh5 Bxh5 23. Qxf5+ Bf7 24. Rxg2 Qd5 25. Qf6 Bg7 26. Qf4 Qd6 27. Qg4 Bh5 28. Qh3 Bxe2 29. Kxe2 Re8+ 30. Kf1 Rh6 31. Kg1 Rhe6 32. Rf1+ Kg8 33. Rf5 Re1+ 34. Kh2 Ne7 35. Rg5 Qf6 36. Qg4 Rf8 37. Re5 Rxe5 38. dxe5 Qf5 39. Qc4+ Kh8 40. Qxc7 Ng6 41. Qxb7 Nxe5 42. Re2 Qf1 0-1

[Event "Oberliga Sued W 2324"]
[Site "Germany"]
[Date "2023.09.17"]
[Round "1.1"]
[White "Vogel, Christian"]
[Black "Mueller, Elias"]
[Result "1-0"]
[WhiteElo "2114"]
[BlackElo "2021"]
[PlyCount "119"]
[EventDate "2023.09.17"]
[EventType "team-tourn"]
[EventRounds "9"]
[EventCountry "GER"]
[SourceTitle "EXT 2025"]
[Source "ChessBase"]
[SourceDate "2024.10.14"]
[SourceVersion "1"]
[SourceVersionDate "2024.10.14"]
[SourceQuality "1"]
[WhiteTeam "Saarbruecken SVG"]
[BlackTeam "Kaiserslautern"]
[WhiteTeamCountry "GER"]
[BlackTeamCountry "GER"]

1. Nf3 Nf6 2. g3 b6 3. Bg2 Bb7 4. 0-0 c5 5. c4 e6 6. b3 Be7 7. Nc3 Ne4 8. Bb2 0-0 9. Qc2 Nxc3 10. Bxc3 Qc7 11. Qb2 f6 12. Rad1 d5 13. cxd5 Bxd5 14. d4 Qb7 15. Nh4 Bxg2 16. Nxg2 cxd4 17. Rxd4 Nc6 18. Rd2 Rfd8 19. Rfd1 Qc7 20. Nf4 Kf7 21. b4 Bd6 22. Nd3 Rac8 23. Rc1 Qb7 24. Qb3 h5 25. Rcd1 Qc7 26. b5 Ne7 27. Bb4 Nd5 28. Bxd6 Qxd6 29. Nf4 Qc5 30. Nxd5 exd5 31. Rxd5 Rxd5 32. Rxd5 Qc1+ 33. Rd1+ Qc4 34. Rd7+ Ke6 35. Qxc4+ Rxc4 36. Rxa7 Rb4 37. a4 g5 38. Ra6 Ke5 39. Rxb6 Rxa4 40. Rb8 Rb4 41. b6 Kf5 42. f3 Kg6 43. Kf2 g4 44. Kg2 Kg7 45. h3 gxf3+ 46. Kxf3 Rb3+ 47. Kf4 Rb4+ 48. e4 Rb5 49. g4 h4 50. b7 Kh7 51. Rf8 Rxb7 52. Rxf6 Rb3 53. Kg5 Kg7 54. Rg6+ Kf7 55. Rh6 Rxh3 56. Rxh4 Rf3 57. Rh6 Kg7 58. Ra6 Kf7 59. e5 Rf1 60. Rf6+ 1-0

[Event "GER-ch U14"]
[Site "Magdeburg"]
[Date "2014.06.12"]
[Round "7"]
[White "Ramien, David"]
[Black "Mueller, Elias"]
[Result "1-0"]
[WhiteElo "1884"]
[BlackElo "1871"]
[PlyCount "33"]
[EventDate "2014.06.08"]
[EventType "swiss"]
[EventRounds "9"]
[EventCountry "GER"]
[SourceTitle "CBM 160 Extra"]
[Source "ChessBase"]
[SourceDate "2014.07.01"]
[SourceVersion "1"]
[SourceVersionDate "2014.07.01"]
[SourceQuality "1"]

1. e4 c5 2. Nf3 d6 3. Bb5+ Bd7 4. Bxd7+ Qxd7 5. 0-0 g6 6. c3 Bg7 7. d4 cxd4 8. cxd4 Nc6 9. Nc3 Nf6 10. Qe2 a6 11. Rd1 b5 12. Bg5 Ng4 13. Nd5 h6 14. Bh4 g5 15. Bg3 Qb7 16. Rac1 0-0 17. Rxc6 1-0

[Event "GER-ch U14"]
[Site "Magdeburg"]
[Date "2014.06.08"]
[Round "2"]
[White "Schamber, Dennis"]
[Black "Mueller, Elias"]
[Result "0-1"]
[WhiteElo "1588"]
[BlackElo "1871"]
[PlyCount "62"]
[EventDate "2014.06.08"]
[EventType "swiss"]
[EventRounds "9"]
[EventCountry "GER"]
[SourceTitle "CBM 160 Extra"]
[Source "ChessBase"]
[SourceDate "2014.07.01"]
[SourceVersion "1"]
[SourceVersionDate "2014.07.01"]
[SourceQuality "1"]

1. d4 Nf6 2. c4 e6 3. Nf3 c5 4. Nc3 a6 5. d5 exd5 6. cxd5 d6 7. e4 b5 8. Bd3 g6 9. 0-0 Bg7 10. Nd2 0-0 11. f4 Bg4 12. Nf3 Re8 13. h3 Bxf3 14. Qxf3 Nbd7 15. Bd2 c4 16. Bc2 Nc5 17. Rae1 Nfd7 18. Kh1 Rb8 19. g4 b4 20. Nd1 b3 21. axb3 cxb3 22. Bb1 Na4 23. f5 Ne5 24. Qf2 Nc4 25. f6 Qxf6 26. Qxf6 Bxf6 27. Rxf6 Nxd2 28. Bd3 Nc5 29. Re2 Ncxe4 30. Bxe4 Nxe4 31. Re3 Nxf6 0-1

[Event "GER-ch U12"]
[Site "Oberhof"]
[Date "2013.05.24"]
[Round "10"]
[White "Reimers, Kim"]
[Black "Mueller, Elias"]
[Result "1-0"]
[WhiteElo "1603"]
[BlackElo "1676"]
[PlyCount "21"]
[EventDate "2013.05.19"]
[EventType "swiss"]
[EventRounds "11"]
[EventCountry "GER"]
[SourceTitle "CBM 154 Extra"]
[Source "ChessBase"]
[SourceDate "2013.06.25"]
[SourceVersion "2"]
[SourceVersionDate "2013.06.25"]
[SourceQuality "1"]

1. e4 c5 2. d4 cxd4 3. c3 dxc3 4. Nxc3 Nc6 5. Bc4 a6 6. Nf3 d6 7. 0-0 Bg4 8. Bxf7+ Kxf7 9. Ng5+ Ke8 10. Qxg4 Qd7 11. Qxd7+ 1-0

[Event "GER-ch U12"]
[Site "Oberhof"]
[Date "2013.05.20"]
[Round "4"]
[White "Shoipov, Dennie"]
[Black "Mueller, Elias"]
[Result "1/2-1/2"]
[WhiteElo "1816"]
[BlackElo "1676"]
[PlyCount "70"]
[EventDate "2013.05.19"]
[EventType "swiss"]
[EventRounds "11"]
[EventCountry "GER"]
[SourceTitle "CBM 154 Extra"]
[Source "ChessBase"]
[SourceDate "2013.06.25"]
[SourceVersion "2"]
[SourceVersionDate "2013.06.25"]
[SourceQuality "1"]

1. e4 c5 2. Nf3 a6 3. d4 cxd4 4. Nxd4 e5 5. Nb3 Nf6 6. Bg5 d6 7. Nc3 Be6 8. Be2 Nbd7 9. 0-0 Be7 10. Be3 0-0 11. Nd2 b5 12. a3 Qc7 13. Re1 Nb6 14. h3 d5 15. Bxb6 Qxb6 16. exd5 Nxd5 17. Nxd5 Bxd5 18. Bf3 Bxf3 19. Nxf3 Rfd8 20. Qe2 f6 21. c3 Rac8 22. Rad1 Rxd1 23. Rxd1 Rd8 24. Qc2 Rxd1+ 25. Qxd1 Qd6 26. Qb3+ Kf8 27. Qc2 g6 28. Qe4 Qd1+ 29. Kh2 Kg7 30. h4 Qb3 31. Qe2 Qe6 32. Nd2 f5 33. g3 g5 34. hxg5 Bxg5 35. Nf3 Bf6 1/2-1/2

[Event "GER-ch U12"]
[Site "Oberhof"]
[Date "2013.05.19"]
[Round "2"]
[White "Lellek, Lewin Louis"]
[Black "Mueller, Elias"]
[Result "1-0"]
[WhiteElo "1276"]
[BlackElo "1676"]
[PlyCount "69"]
[EventDate "2013.05.19"]
[EventType "swiss"]
[EventRounds "11"]
[EventCountry "GER"]
[SourceTitle "CBM 154 Extra"]
[Source "ChessBase"]
[SourceDate "2013.06.25"]
[SourceVersion "2"]
[SourceVersionDate "2013.06.25"]
[SourceQuality "1"]

1. e4 c5 2. Nf3 d6 3. d4 cxd4 4. Nxd4 Nf6 5. Nc3 a6 6. Be3 e6 7. Be2 Be7 8. Qd2 0-0 9. f3 Nbd7 10. g4 Qc7 11. h4 b5 12. a3 Bb7 13. h5 Ne5 14. g5 Nfd7 15. g6 Nb6 16. gxh7+ Kxh7 17. h6 g6 18. 0-0-0 Nbc4 19. Bxc4 Nxc4 20. Qf2 Rac8 21. f4 Nxa3 22. Rhg1 Bxe4 23. Nxe4 e5 24. bxa3 exd4 25. Bxd4 d5 26. Nf6+ Bxf6 27. Bxf6 Qd6 28. Bb2 Rc4 29. f5 Rf4 30. Qg3 Rc8 31. fxg6+ fxg6 32. Rde1 Rc7 33. Re8 d4 34. Rge1 d3 35. Rh8# 1-0

[Event "Zweibruecken PSB-ch HT4 82nd"]
[Site "Zweibruecken"]
[Date "2013.03.24"]
[Round "4"]
[White "Mueller, Elias"]
[Black "Knoeringer, Klaus"]
[Result "1/2-1/2"]
[WhiteElo "1604"]
[BlackElo "1758"]
[PlyCount "63"]
[EventDate "2013.??.??"]
[EventType "swiss"]
[EventRounds "7"]
[EventCountry "GER"]
[SourceTitle "EXT 2014"]
[Source "ChessBase"]
[SourceDate "2013.11.20"]
[SourceVersion "1"]
[SourceVersionDate "2013.11.20"]
[SourceQuality "1"]

1. e4 e6 2. d4 d5 3. e5 c5 4. c3 Nc6 5. Nf3 cxd4 6. cxd4 Bb4+ 7. Bd2 Qa5 8. a3 Bxd2+ 9. Qxd2 Qxd2+ 10. Nbxd2 f6 11. Bb5 Bd7 12. Bxc6 Bxc6 13. 0-0 Ne7 14. Rfe1 f5 15. Nb3 h6 16. Nc5 Kf7 17. b4 b6 18. Nd3 Bb5 19. Nf4 Bc4 20. h4 Rac8 21. h5 g5 22. hxg6+ Nxg6 23. Nh5 Nf8 24. Re3 Nh7 25. Rae1 Rhg8 26. Kh2 b5 27. Nf6 Nxf6 28. exf6 Rce8 29. Ne5+ Kxf6 30. Nd7+ Kf7 31. Ne5+ Kf6 32. Nd7+ 1/2-1/2

[Event "Zweibruecken PSB-ch HT4 82nd"]
[Site "Zweibruecken"]
[Date "2013.03.23"]
[Round "2"]
[White "Mueller, Elias"]
[Black "Froehlich, Daniel"]
[Result "0-1"]
[WhiteElo "1604"]
[BlackElo "1707"]
[PlyCount "78"]
[EventDate "2013.??.??"]
[EventType "swiss"]
[EventRounds "7"]
[EventCountry "GER"]
[SourceTitle "EXT 2014"]
[Source "ChessBase"]
[SourceDate "2013.11.20"]
[SourceVersion "1"]
[SourceVersionDate "2013.11.20"]
[SourceQuality "1"]

1. e4 g6 2. Nc3 Bg7 3. d4 d6 4. Nf3 Nf6 5. Be3 0-0 6. Be2 b6 7. d5 Bb7 8. Nd2 c6 9. dxc6 Nxc6 10. 0-0 Ne5 11. f4 Ned7 12. Bf3 Qc8 13. Nb3 Nc5 14. Nxc5 dxc5 15. e5 Rd8 16. Bxb7 Qxb7 17. Qe2 Nd7 18. Rad1 Nf8 19. Rd2 Rxd2 20. Qxd2 Ne6 21. Qf2 Bh6 22. Rd1 Rd8 23. Rxd8+ Nxd8 24. Qd2 Ne6 25. Nd5 Bg7 26. c4 f6 27. Qe2 Kf7 28. f5 Nd8 29. e6+ Kf8 30. Qd3 gxf5 31. Qxf5 Qc6 32. Nf4 Kg8 33. Qg4 Qe4 34. Kf2 Qxc4 35. h4 Qc2+ 36. Kf3 Qd1+ 37. Ne2 Qd5+ 38. Kf2 Qxe6 39. Qh5 Qf7 0-1

[Event "GER-ch U12"]
[Site "Oberhof"]
[Date "2012.06.02"]
[Round "11"]
[White "Hesse, Henrik"]
[Black "Mueller, Elias"]
[Result "1-0"]
[WhiteElo "1489"]
[BlackElo "1548"]
[PlyCount "77"]
[EventDate "2012.05.27"]
[EventType "swiss"]
[EventRounds "11"]
[EventCountry "GER"]
[SourceTitle "CBM 148 Extra"]
[Source "ChessBase"]
[SourceDate "2012.06.22"]
[SourceVersion "1"]
[SourceVersionDate "2012.06.22"]
[SourceQuality "1"]

1. e4 e5 2. Nf3 Nc6 3. Bc4 Bc5 4. d3 Nf6 5. c3 0-0 6. 0-0 a6 7. Nbd2 d6 8. Bb3 Bg4 9. Re1 Re8 10. Nf1 d5 11. h3 Bh5 12. Ng3 dxe4 13. Nxh5 exf3 14. Qxf3 Be7 15. Bg5 Nxh5 16. Qxf7+ Kh8 17. Bxe7 Rxe7 18. Qxh5 Qxd3 19. Rad1 Qb5 20. Qf5 Rae8 21. Bc2 e4 22. Qxb5 axb5 23. Rd5 Na7 24. Rxe4 g6 25. Rxe7 Rxe7 26. Kf1 Kg7 27. f3 Kf6 28. Kf2 c6 29. Rd4 Nc8 30. Rf4+ Kg7 31. Re4 Rd7 32. Rd4 Re7 33. Bb3 Nb6 34. g4 Kf6 35. h4 h6 36. f4 Kg7 37. Rd6 Kh7 38. Bc2 Rg7 39. h5 1-0

[Event "GER-ch U12"]
[Site "Oberhof"]
[Date "2012.05.31"]
[Round "8"]
[White "Mueller, Elias"]
[Black "Piskaykin, Bogdan"]
[Result "1/2-1/2"]
[WhiteElo "1548"]
[BlackElo "1634"]
[PlyCount "91"]
[EventDate "2012.05.27"]
[EventType "swiss"]
[EventRounds "11"]
[EventCountry "GER"]
[SourceTitle "CBM 148 Extra"]
[Source "ChessBase"]
[SourceDate "2012.06.22"]
[SourceVersion "1"]
[SourceVersionDate "2012.06.22"]
[SourceQuality "1"]

1. e4 c5 2. b3 Nc6 3. f4 e6 4. Nf3 d5 5. exd5 exd5 6. Bb5 Nf6 7. Bb2 Be7 8. Ne5 Qc7 9. Bxc6+ bxc6 10. 0-0 0-0 11. d3 Bd6 12. Nd2 Re8 13. Re1 Nd7 14. Nxd7 Bxd7 15. g3 f6 16. Qh5 Qc8 17. Kg2 Bf5 18. Kf2 Bg6 19. Rxe8+ Qxe8 20. Qh3 Qc8 21. Qxc8+ Rxc8 22. Re1 Re8 23. Rxe8+ Bxe8 24. Ba3 Bg6 25. Nf3 Kf8 26. Nh4 Ke7 27. Nxg6+ hxg6 28. h3 c4 29. Bxd6+ Kxd6 30. d4 cxb3 31. cxb3 c5 32. dxc5+ Kxc5 33. Ke3 Kb4 34. Kd4 Ka3 35. Kxd5 a5 36. g4 Kxa2 37. Kc4 Kb2 38. b4 axb4 39. Kxb4 Kc2 40. Kc4 Kd2 41. Kd5 Ke3 42. f5 gxf5 43. gxf5 Kf4 44. Ke6 Kg5 45. Kf7 Kxf5 46. Kxg7 1/2-1/2

[Event "GER-ch U12"]
[Site "Oberhof"]
[Date "2012.05.27"]
[Round "2"]
[White "Mueller, Elias"]
[Black "Raetzke von Stoyentin, Steffen"]
[Result "0-1"]
[WhiteElo "1548"]
[BlackElo "1726"]
[PlyCount "84"]
[EventDate "2012.05.27"]
[EventType "swiss"]
[EventRounds "11"]
[EventCountry "GER"]
[SourceTitle "CBM 148 Extra"]
[Source "ChessBase"]
[SourceDate "2012.06.22"]
[SourceVersion "1"]
[SourceVersionDate "2012.06.22"]
[SourceQuality "1"]

1. e4 d6 2. d4 Nf6 3. Nc3 e5 4. dxe5 dxe5 5. Qxd8+ Kxd8 6. Bg5 Be6 7. 0-0-0+ Kc8 8. Nf3 Nbd7 9. Bxf6 gxf6 10. Be2 Bc5 11. Rhf1 Rg8 12. Nh4 c6 13. Kb1 Kc7 14. f4 Nb6 15. f5 Bc4 16. h3 Bd4 17. b3 Bxb3 18. Nb5+ cxb5 19. cxb3 b4 20. Bh5 Rg7 21. Rc1+ Bc3 22. Rfd1 Rd8 23. Rxd8 Kxd8 24. Rc2 Ke7 25. a3 a5 26. Be2 Rg3 27. axb4 axb4 28. Bf3 Rg8 29. g4 Ra8 30. Ra2 Ra3 31. Rxa3 bxa3 32. Ng2 Nc8 33. Ne3 Kf8 34. Nd5 Bd4 35. Nxf6 Na7 36. Nxh7+ Kg7 37. Ka2 Bb2 38. Ng5 Nc6 39. Nxf7 Nb4+ 40. Kb1 Bd4 41. g5 a2+ 42. Kc1 a1Q+ 0-1

[Event "Maastricht Limburg op-C 4th"]
[Site "Maastricht"]
[Date "2010.05.24"]
[Round "7"]
[White "Mueller, Elias"]
[Black "Heuts, Guido"]
[Result "1-0"]
[WhiteElo "1229"]
[BlackElo "1450"]
[PlyCount "61"]
[EventDate "2010.05.21"]
[EventType "swiss"]
[EventRounds "7"]
[EventCountry "NED"]
[SourceTitle "EXT 2011"]
[Source "ChessBase"]
[SourceDate "2010.11.26"]
[SourceVersion "1"]
[SourceVersionDate "2010.11.26"]
[SourceQuality "1"]

1. d4 Nf6 2. Bg5 e6 3. e4 Be7 4. Bxf6 Bxf6 5. Nc3 d6 6. Nf3 0-0 7. Bc4 a6 8. 0-0 b5 9. Bd3 Bb7 10. Ne2 Nd7 11. Ng3 Be7 12. c4 c6 13. b3 Rc8 14. Qc2 e5 15. Nf5 Nf6 16. Nxe7+ Qxe7 17. Qb2 Rfd8 18. dxe5 dxe5 19. Qxe5 Qb4 20. Rfd1 Re8 21. Qf4 Rcd8 22. Qe3 Ng4 23. Qf4 Nf6 24. Qh4 Qc3 25. e5 Nd7 26. Qxh7+ Kf8 27. Qh8+ Ke7 28. Qxg7 Rg8 29. Qh6 Nxe5 30. Nxe5 Qxe5 31. Re1 1-0